00624cam a22002057a 4500003000500000005001700005008004100022010001000063011001000073035001000083040000900093100002800102245005900130260010300189300003000292490002500322650002900347650001700376830002500393CHAP20220329142450.0010330s mx a r o00010 spa d a83865 a84837 a95363 cCHAP00aRivero Duarte, Ernesto.10aCría familiar de conejosc/por Ernesto Rivero Duarte aToluca, Méx. :bDirección de Agricultura y Ganadería. Departamento de Divulgación,c[s.a.] ahoja desplegable :bilus. 0aCircular DAGEMv; 2314aConejosxAlimentación.14aCunicultura.0 aCircular DAGEMv; 23